Регионална библиотека "Любен Каравелов" - Русе

Первые шаги гитариста (Запис номер 350170)

MARC детайли
000 -Лидер
Контролно поле с фиксирана дължина ncm a22 a 4500
003 - Код на организацията, давaща контролен номер
Контролно поле BLK
005 - Дата и час на последна редакция
Контролно поле 20200612121728.0
008 - Елементи от данни с фиксирана дължина
fixed length control field 200331b bu ||||| |||| 00| 0 bu d
040 ## - Източник на каталожния запис
Идентификатор на билиотеката - собственик на записа BLK
041 ## - Код за език
Код за езика на текст/звукозапис или на отделно заглавие Руски
Код за езика КДБФ Руски
080 ## - УДК
Текстов определител УДК За китара
УДК код - определител по УДК 787.61
УДК - код + определител 787.61
139 ## - Редно поле
Редна дума Первые шаги гитариста
Авторски знак Пер - П 37
245 ## - Сведения за заглавието
Заглавие Первые шаги гитариста
Подзаглавни данни Шестиструнная гитара
260 ## - Област на издателските данни
9 (RLIN) 402757
Място на издаване, разпространение и проч. Москва
Име на издателя, разпространителя и проч. Советский композитор
Година на издаване 1972
300 ## - Физическа характеристика
Страници 14 с.
Размери/Мащаб 30 см
380 ## - Жанр
Жанр Изкуство
852 ## - Местоположение
Форматна сигнатура М ІІ 6482
999 ## - СИСТЕМНИ КОНТРОЛНИ НОМЕРА
Koha biblionumber 350170
Koha biblioitemnumber 350170
942 ## - АРТИКУЛИ
Вид на библиотечния материал Нотни издания
Скрит в OPAC Не
Периодичен библиозапис Да
944 ## - СЪЗДАВАНЕ И РЕДАКЦИЯ на ЗАПИСА
Създаване/Редакция Създаване
Дата на регистрацията/редакция 2020-03-31
Статус, дата на статуса 2020-03-31
999 ## - СИСТЕМНИ КОНТРОЛНИ НОМЕРА
Koha biblioitemnumber 350170
999 ## - СИСТЕМНИ КОНТРОЛНИ НОМЕРА
Koha biblioitemnumber 350170
999 ## - СИСТЕМНИ КОНТРОЛНИ НОМЕРА
Koha biblioitemnumber 350170
999 ## - СИСТЕМНИ КОНТРОЛНИ НОМЕРА
Koha biblioitemnumber 350169
999 ## - СИСТЕМНИ КОНТРОЛНИ НОМЕРА
Koha biblioitemnumber 350166
999 ## - СИСТЕМНИ КОНТРОЛНИ НОМЕРА
Koha biblioitemnumber 350166
999 ## - СИСТЕМНИ КОНТРОЛНИ НОМЕРА
Koha biblioitemnumber 350166
Наличности
Код за отписване Код за изгубен артикул Източник на класификационната схема Код за повреда Коз за рестрикции Код за отдаване Артикулен № Име на библиотеката - собственик Име на библиотеката, в която се намира в момента Статус (Текущо местоположение) Дата на вписване в системата Местоположение - отдел Цена в лева Инвентарен номер Систематично азбучна сигнатура Баркод Цена в евро Служебен тип на артикула
  Не е изгубен Universal Decimal Classification Не е повреден без рестрикции заемане за дома 757349 Регионална библиотека "Любен Каравелов" Русе Регионална библиотека "Любен Каравелов" Русе Отдел Изкуство - подръчен фонд 2020-04-01 Отдел Изкуство - подръчен фонд 0.16 165535 787/П 37 120000165535 0.08 Нотни издания
Vip Innovations Ltd, Rousse, Bulgaria 2025